[Event "XtraCon-Skakligaen"]
[Site "Denmark"]
[Date "2009.11.07"]
[Round "1.5"]
[White "Andersen, Soren"]
[Black "Christensen, Thomas"]
[Result "0-1"]
[WhiteElo "2082"]
[BlackElo "2252"]
[PlyCount "74"]
[EventDate "2009.11.07"]
[EventType "team-tourn"]
[EventRounds "9"]
[WhiteTeam "Aalborg"]
[BlackTeam "SK1968"]
[WhiteTeamCountry "DEN"]
[BlackTeamCountry "DEN"]

1. d4 Nf6 2. Nf3 e6 3. Nbd2 c5 4. e3 b6 5. Bd3 Bb7 6. O-O Be7 7. b3 O-O 8. Bb2
Qc7 9. c4 cxd4 10. exd4 d6 11. Rc1 Nbd7 12. Qe2 Rfe8 13. Rfe1 Rad8 14. Ng5 Bf8
15. Rc3 e5 16. d5 h6 17. Nge4 Bc8 18. Rcc1 g6 19. Nc3 Nh5 20. g3 Ndf6 21. Nde4
Nh7 22. Nb5 Qb8 23. Nd2 a6 24. Na3 e4 25. Bb1 Bh3 26. Nc2 Qc7 27. Nd4 Ng5 28.
f4 exf3 29. Qxe8 Rxe8 30. Rxe8 Bg2 31. h4 Qd7 32. Rxf8+ Kxf8 33. hxg5 Qh3 34.
Ne4 hxg5 35. Ba3 Bf1 36. Bxd6+ Kg8 37. Rc2 Bd3 0-1

[Event "XtraCon-Skakligaen"]
[Site "Denmark"]
[Date "2009.11.07"]
[Round "1.6"]
[White "Hansen, Bjarne"]
[Black "Hansen, John Nyholm"]
[Result "1-0"]
[WhiteElo "2248"]
[BlackElo "2089"]
[PlyCount "73"]
[EventDate "2009.11.07"]
[EventType "team-tourn"]
[EventRounds "9"]
[WhiteTeam "SK1968"]
[BlackTeam "Aalborg"]
[WhiteTeamCountry "DEN"]
[BlackTeamCountry "DEN"]

1. d4 Nf6 2. c4 e6 3. Nc3 Bb4 4. Nf3 O-O 5. Bg5 h6 6. Bh4 b6 7. e4 g5 8. Nxg5
Nxe4 9. Ngxe4 Qxh4 10. Bd3 f5 11. g3 Qh3 12. Bf1 Qg4 13. Qxg4+ fxg4 14. a3
Bxc3+ 15. Nxc3 Bb7 16. d5 Na6 17. Be2 exd5 18. cxd5 Nc5 19. Rd1 Rae8 20. Rd4
Ba6 21. b4 Nd3+ 22. Kd2 Nxf2 23. Rc1 Bxe2 24. Nxe2 Ne4+ 25. Ke1 c5 26. dxc6
dxc6 27. Rxc6 Kg7 28. Rd7+ Rf7 29. Rcc7 Rxd7 30. Rxd7+ Kg6 31. Nf4+ Kg5 32. Kd1
Nc3+ 33. Kd2 Nb1+ 34. Kd3 Nxa3 35. Rxa7 Rd8+ 36. Ke4 Nc4 37. Ne6+ 1-0

[Event "XtraCon-Skakligaen"]
[Site "Denmark"]
[Date "2009.11.07"]
[Round "1.8"]
[White "Larsen, Pelle O"]
[Black "Kovshoj, Sune"]
[Result "1/2-1/2"]
[WhiteElo "2132"]
[BlackElo "2037"]
[PlyCount "77"]
[EventDate "2009.11.07"]
[EventType "team-tourn"]
[EventRounds "9"]
[WhiteTeam "SK1968"]
[BlackTeam "Aalborg"]
[WhiteTeamCountry "DEN"]
[BlackTeamCountry "DEN"]

1. Nf3 Nf6 2. c4 c5 3. g3 Nc6 4. Bg2 e5 5. d3 Be7 6. a3 O-O 7. Nc3 d6 8. O-O
Rb8 9. Rb1 a5 10. Ne1 Ne8 11. Nc2 f5 12. b4 axb4 13. axb4 Nxb4 14. Nxb4 cxb4
15. Rxb4 Nf6 16. Bg5 Nd7 17. Bxe7 Qxe7 18. Qb1 Nc5 19. Rb6 Qd8 20. Qb4 Kh8 21.
Rb1 Rf7 22. Qa5 Nd7 23. Qa7 Qc7 24. Nd5 Qc5 25. R1b5 Qd4 26. e3 Qxd3 27. Rxd6
Rf8 28. Rb4 Qd2 29. c5 Qc1+ 30. Bf1 Qxc5 31. Qxc5 Nxc5 32. Ne7 Ra8 33. Nxc8
Raxc8 34. Rb5 Ne4 35. Rd7 Rfd8 36. Rxd8+ Rxd8 37. Rxb7 g6 38. Rb2 Rd2 39. Rxd2
1/2-1/2

[Event "XtraCon-Skakligaen"]
[Site "Denmark"]
[Date "2009.11.07"]
[Round "1.1"]
[White "Hillarp Persson, Tiger"]
[Black "Rasmussen, Allan Stig"]
[Result "1/2-1/2"]
[WhiteElo "2576"]
[BlackElo "2534"]
[PlyCount "94"]
[EventDate "2009.11.07"]
[EventType "team-tourn"]
[EventRounds "9"]
[WhiteTeam "Bronshoj"]
[BlackTeam "Jetsmark"]
[WhiteTeamCountry "DEN"]
[BlackTeamCountry "DEN"]

1. e4 c6 2. Nf3 d5 3. Nc3 dxe4 4. Nxe4 Nd7 5. Bc4 Ngf6 6. Neg5 Nd5 7. d4 h6 8.
Ne4 e6 9. O-O Be7 10. Bb3 b5 11. a4 Bb7 12. axb5 cxb5 13. Re1 a6 14. c3 Qc7 15.
Qd3 g5 16. h3 Rg8 17. Bd2 N5b6 18. d5 Nxd5 19. c4 bxc4 20. Bxc4 g4 21. hxg4
Rxg4 22. Bxa6 f5 23. Nd6+ Qxd6 24. Bxb7 Rxa1 25. Rxa1 Nc5 26. Qb5+ Kf7 27. Bc6
Nc7 28. Qe2 Bf6 29. Rc1 Nb3 30. Rc2 Nd5 31. Qb5 Nxd2 32. Rxd2 Rb4 33. Rxd5 exd5
34. Bxd5+ Kg7 35. Qd3 Rxb2 36. Qxf5 Rb5 37. Qg4+ Bg5 38. Be4 h5 39. Qc8 Bf6 40.
g3 Qe7 41. Qa8 Rb2 42. Qc6 Qa7 43. Bc2 Qb7 44. Qxb7+ Rxb7 45. Kg2 Rb2 46. Be4
Kh6 47. Ng1 Bd4 1/2-1/2

[Event "XtraCon-Skakligaen"]
[Site "Denmark"]
[Date "2009.11.07"]
[Round "1.2"]
[White "Glud, Jakob Vang"]
[Black "Bromann, Thorbjorn"]
[Result "1-0"]
[WhiteElo "2481"]
[BlackElo "2434"]
[PlyCount "65"]
[EventDate "2009.11.07"]
[EventType "team-tourn"]
[EventRounds "9"]
[WhiteTeam "Jetsmark"]
[BlackTeam "Bronshoj"]
[WhiteTeamCountry "DEN"]
[BlackTeamCountry "DEN"]

1. Nf3 d5 2. d4 c6 3. e3 Bf5 4. c4 e6 5. Nc3 Nf6 6. Nh4 Be4 7. f3 Bg6 8. Qb3
Qb6 9. Qxb6 axb6 10. cxd5 exd5 11. Bd2 b5 12. Nxg6 hxg6 13. Bd3 Bd6 14. e4 b4
15. Ne2 dxe4 16. fxe4 Ng4 17. e5 Be7 18. O-O Nxh2 19. Rf4 Bg5 20. e6 f5 21.
Bxb4 Na6 22. Bxa6 Rxa6 23. Rc1 Bxf4 24. Nxf4 Rh4 25. Nd5 c5 26. Nc7+ Kd8 27.
Nxa6 cxb4 28. Nc5 Ke7 29. d5 Kd6 30. Nxb7+ Kxd5 31. e7 Re4 32. Rc5+ Kd4 33.
Rc4+ 1-0

[Event "XtraCon-Skakligaen"]
[Site "Denmark"]
[Date "2009.11.07"]
[Round "1.3"]
[White "Hoi, Carsten"]
[Black "Pedersen, Christian Kyndel"]
[Result "1/2-1/2"]
[WhiteElo "2393"]
[BlackElo "2452"]
[PlyCount "81"]
[EventDate "2009.11.07"]
[EventType "team-tourn"]
[EventRounds "9"]
[WhiteTeam "Bronshoj"]
[BlackTeam "Jetsmark"]
[WhiteTeamCountry "DEN"]
[BlackTeamCountry "DEN"]

1. d4 Nf6 2. c4 e6 3. Nc3 Bb4 4. e3 c5 5. Nge2 d5 6. a3 Bxc3+ 7. Nxc3 cxd4 8.
exd4 dxc4 9. Bxc4 Nc6 10. Be3 O-O 11. O-O b6 12. Qd3 Bb7 13. Rad1 h6 14. Ba2
Ne7 15. Rfe1 Ned5 16. Bc1 Rc8 17. Qh3 Nxc3 18. bxc3 Ne4 19. c4 Qf6 20. Qe3 Nd6
21. c5 Nf5 22. Qf4 bxc5 23. d5 Qg6 24. Bb1 Rfd8 25. Re5 Qf6 26. Bxf5 exf5 27.
Rxf5 Qe6 28. Re5 Qg6 29. h3 Qc2 30. Qg4 Kf8 31. Rde1 Qg6 32. Qc4 Kg8 33. Bf4
Kh7 34. Bg3 f6 35. Re7 Bxd5 36. Qc3 a6 37. Ra7 Re8 38. Rd1 Bc6 39. Kh2 Ba4 40.
Rd6 Rc6 41. Rxc6 1/2-1/2

[Event "XtraCon-Skakligaen"]
[Site "Denmark"]
[Date "2009.11.07"]
[Round "1.4"]
[White "Baekgaard, Martin"]
[Black "Carstensen, Jacob"]
[Result "0-1"]
[WhiteElo "2287"]
[BlackElo "2317"]
[PlyCount "124"]
[EventDate "2009.11.07"]
[EventType "team-tourn"]
[EventRounds "9"]
[WhiteTeam "Jetsmark"]
[BlackTeam "Bronshoj"]
[WhiteTeamCountry "DEN"]
[BlackTeamCountry "DEN"]

1. d4 Nf6 2. c4 e6 3. Nf3 Bb4+ 4. Nbd2 b6 5. g3 Bb7 6. Bg2 O-O 7. O-O Qc8 8. a3
Be7 9. Qc2 c5 10. d5 exd5 11. cxd5 Bxd5 12. e4 Bb7 13. e5 Ne8 14. Ne4 d5 15.
exd6 Nxd6 16. Nxd6 Bxd6 17. Ng5 g6 18. Ne4 Be5 19. Bh6 Re8 20. Rad1 Nc6 21. Bf4
Qf5 22. Bxe5 Rxe5 23. f4 Re7 24. g4 Qe6 25. Rd6 Qc8 26. Nf6+ Kg7 27. Bxc6 Bxc6
28. Qc3 Kf8 29. Nxh7+ Kg8 30. Nf6+ Kf8 31. Rfd1 Re6 32. f5 gxf5 33. gxf5 Rxd6
34. Rxd6 Qxf5 35. Rxc6 Rd8 36. Nd5 Qg5+ 37. Kf2 Rxd5 38. Rc8+ Ke7 39. Qe3+
Qxe3+ 40. Kxe3 Rh5 41. Rc7+ Ke6 42. Rxa7 Rxh2 43. b4 Rh3+ 44. Kd2 cxb4 45. a4
f5 46. Ra6 Kd5 47. Rxb6 Kc4 48. a5 Rh2+ 49. Kc1 Ra2 50. a6 Kb3 51. Kb1 Rh2 52.
Kc1 Rh1+ 53. Kd2 Ra1 54. Rc6 f4 55. Rf6 Kb2 56. Rxf4 b3 57. Rf6 Ra5 58. Kd3 Ka1
59. Rf1+ Ka2 60. Rf2+ Ka3 61. Rf1 b2 62. Kc2 Ka2 0-1

[Event "XtraCon-Skakligaen"]
[Site "Denmark"]
[Date "2009.11.07"]
[Round "1.5"]
[White "Brinck Claussen, Bjorn"]
[Black "Christensen, Stefan"]
[Result "0-1"]
[WhiteElo "2300"]
[BlackElo "2228"]
[PlyCount "52"]
[EventDate "2009.11.07"]
[EventType "team-tourn"]
[EventRounds "9"]
[WhiteTeam "Bronshoj"]
[BlackTeam "Jetsmark"]
[WhiteTeamCountry "DEN"]
[BlackTeamCountry "DEN"]

1. e4 e6 2. d4 d5 3. Nc3 Bb4 4. e5 c5 5. a3 Bxc3+ 6. bxc3 Ne7 7. Qg4 Qc7 8.
Qxg7 Rg8 9. Qxh7 cxd4 10. Ne2 Nbc6 11. f4 dxc3 12. h4 Bd7 13. h5 O-O-O 14. Qxf7
Rdf8 15. Qh7 Nf5 16. h6 Nce7 17. Rh3 d4 18. g4 Rxg4 19. Ng3 Qc6 20. Kf2 Ne3 21.
Bxe3 dxe3+ 22. Ke1 Qf3 23. Ne4 Qxf4 24. Nd6+ Kb8 25. Ke2 Qf2+ 26. Kd3 Qd2# 0-1

[Event "XtraCon-Skakligaen"]
[Site "Denmark"]
[Date "2009.11.07"]
[Round "1.6"]
[White "Wiwe, Andreas"]
[Black "Palm, Nikolaj"]
[Result "1-0"]
[WhiteElo "2239"]
[BlackElo "2276"]
[PlyCount "93"]
[EventDate "2009.11.07"]
[EventType "team-tourn"]
[EventRounds "9"]
[WhiteTeam "Jetsmark"]
[BlackTeam "Bronshoj"]
[WhiteTeamCountry "DEN"]
[BlackTeamCountry "DEN"]

1. e4 e5 2. Nf3 Nc6 3. Bb5 a6 4. Ba4 Nf6 5. O-O Be7 6. Re1 b5 7. Bb3 d6 8. c3
O-O 9. h3 Na5 10. Bc2 c5 11. d4 Qc7 12. Nbd2 Re8 13. Nf1 Bb7 14. d5 Nc4 15. Ng3
g6 16. b3 Nb6 17. Bg5 Nbd7 18. a4 bxa4 19. Rxa4 a5 20. Bd3 Nb6 21. Ra2 c4 22.
bxc4 Nfd7 23. Qe2 Bxg5 24. Nxg5 Nc5 25. Rb1 Reb8 26. Nf1 Nxd3 27. Qxd3 Nxc4 28.
Ne3 Ba6 29. Rxb8+ Rxb8 30. Ng4 Kg7 31. Qg3 h5 32. Ne3 Nxe3 33. Qxe3 Rb1+ 34.
Kh2 Rb3 35. Rc2 a4 36. f4 exf4 37. Qd4+ Kh6 38. h4 Rb8 39. Qf6 Rf8 40. Ne6 fxe6
41. Qxf8+ Qg7 42. Qxf4+ Kh7 43. Qxd6 Bd3 44. Rf2 Bxe4 45. dxe6 Bf5 46. e7 Qf7
47. Qd8 1-0

[Event "XtraCon-Skakligaen"]
[Site "Denmark"]
[Date "2009.11.07"]
[Round "1.8"]
[White "Rathlev, Jakob"]
[Black "Pedersen, Peter Brondt"]
[Result "1/2-1/2"]
[WhiteElo "2237"]
[BlackElo "2134"]
[PlyCount "36"]
[EventDate "2009.11.07"]
[EventType "team-tourn"]
[EventRounds "9"]
[WhiteTeam "Jetsmark"]
[BlackTeam "Bronshoj"]
[WhiteTeamCountry "DEN"]
[BlackTeamCountry "DEN"]

1. c4 g6 2. g3 Bg7 3. Bg2 d6 4. Nc3 e5 5. d3 c6 6. e4 a6 7. Nge2 h5 8. h3 b5 9.
a3 h4 10. Be3 Nd7 11. Rc1 Bh6 12. Bxh6 Rxh6 13. cxb5 axb5 14. d4 hxg3 15. fxg3
Qb6 16. Na2 exd4 17. Nxd4 Ne5 18. O-O Bd7 1/2-1/2

[Event "XtraCon-Skakligaen"]
[Site "Denmark"]
[Date "2009.11.08"]
[Round "2.1"]
[White "Rasmussen, Allan Stig"]
[Black "Semcesen, Daniel"]
[Result "1/2-1/2"]
[WhiteElo "2534"]
[BlackElo "2460"]
[PlyCount "86"]
[EventDate "2009.11.07"]
[EventType "team-tourn"]
[EventRounds "9"]
[WhiteTeam "Jetsmark"]
[BlackTeam "K41"]
[WhiteTeamCountry "DEN"]
[BlackTeamCountry "DEN"]

1. d4 d5 2. Nf3 Nf6 3. c4 c6 4. e3 Bg4 5. h3 Bxf3 6. Qxf3 e6 7. Bd3 Bb4+ 8. Nc3
Nbd7 9. O-O O-O 10. Rd1 Re8 11. Qe2 a6 12. Bd2 e5 13. dxe5 Bxc3 14. Bxc3 Nxe5
15. cxd5 cxd5 16. Bc2 Qe7 17. Bb3 Rad8 18. Rac1 Rd7 19. Qc2 g6 20. Qe2 Qe6 21.
Rc2 Ne4 22. Bd4 Nc6 23. Ba4 b5 24. Bb3 Nxd4 25. Rxd4 Red8 26. Qf1 Kg7 27. Qe1
Qb6 28. Qc1 Qf6 29. Qd1 Qf5 30. Qd3 h5 31. a3 Rd6 32. f3 Ng3 33. Rd2 Qe5 34.
Kf2 Nf5 35. Rb4 Qg3+ 36. Kf1 Re8 37. Re2 Rc6 38. Qd2 Qh2 39. Kf2 Ng3 40. Re1
Nh1+ 41. Kf1 Ng3+ 42. Kf2 Nh1+ 43. Kf1 Ng3+ 1/2-1/2

[Event "XtraCon-Skakligaen"]
[Site "Denmark"]
[Date "2009.11.08"]
[Round "2.2"]
[White "Lund, Silas"]
[Black "Glud, Jakob Vang"]
[Result "0-1"]
[WhiteElo "2411"]
[BlackElo "2481"]
[PlyCount "194"]
[EventDate "2009.11.07"]
[EventType "team-tourn"]
[EventRounds "9"]
[WhiteTeam "K41"]
[BlackTeam "Jetsmark"]
[WhiteTeamCountry "DEN"]
[BlackTeamCountry "DEN"]

1. d4 d5 2. c4 c6 3. Nf3 Nf6 4. Nc3 a6 5. c5 Nbd7 6. Bf4 Nh5 7. e3 g6 8. Bd3
Bg7 9. h4 Nxf4 10. exf4 b6 11. cxb6 Qxb6 12. O-O Qxb2 13. Na4 Qa3 14. Rc1 O-O
15. Rxc6 Rb8 16. Qc2 Rb4 17. Nc3 Qa5 18. a3 Rb6 19. Nxd5 Qxd5 20. Rxc8 Qd6 21.
f5 Qxa3 22. fxg6 hxg6 23. Rxf8+ Nxf8 24. Bc4 e6 25. Rb1 Rxb1+ 26. Qxb1 Qc3 27.
Bxa6 Bxd4 28. Qd3 Qc1+ 29. Qf1 Qc5 30. Nxd4 Qxd4 31. g3 Nd7 32. Qd3 Qa1+ 33.
Qf1 Qa5 34. Qb5 Qe1+ 35. Qf1 Qe5 36. Qe2 Qf6 37. Bb7 Nc5 38. Bg2 Qa1+ 39. Qf1
Qd4 40. Qe2 Nd3 41. Bf1 Ne5 42. Bg2 Kg7 43. Bf3 Qc3 44. Kg2 Nd3 45. Be4 Nc5 46.
Bf3 Qd4 47. Qe3 Qxe3 48. fxe3 Nd3 49. Be2 Ne5 50. g4 g5 51. h5 f5 52. gxf5 exf5
53. Ba6 Kh6 54. Bc8 Nc4 55. Kf3 Nd6 56. Be6 Kxh5 57. Kg3 Kg6 58. Bd7 Kf6 59.
Ba4 Ke5 60. Bc2 Ne4+ 61. Kf3 Nf6 62. Bd3 Nd7 63. Bb1 Kf6 64. Bc2 Ne5+ 65. Kg3
Nc4 66. Kf2 Nd6 67. Kf3 Nf7 68. Kg3 Nd8 69. Kf3 Ne6 70. Kg3 Nc5 71. Kf3 g4+ 72.
Kf4 Ne6+ 73. Kg3 Kg5 74. Ba4 Nc5 75. Bc6 Ne4+ 76. Kg2 Kf6 77. Bb7 Ke5 78. Kf1
Nf6 79. Ke2 Nd5 80. Kf2 Ke4 81. Kg3 Ke5 82. Kf2 Nc3 83. Bc6 Kd6 84. Bb7 Ke5 85.
Bc6 Ne4+ 86. Kg2 Kf6 87. Bb7 Kg5 88. Bc6 Kh4 89. Bb7 Nc3 90. Kf2 Kh3 91. Ba6
Nd1+ 92. Ke2 g3 93. Bb7 Nc3+ 94. Kf1 Kh2 95. Bf3 Ne4 96. Ke2 Ng5 97. Bc6 Ne4
0-1

[Event "XtraCon-Skakligaen"]
[Site "Denmark"]
[Date "2009.11.08"]
[Round "2.3"]
[White "Pedersen, Christian Kyndel"]
[Black "Hagen, Andreas Skytte"]
[Result "1/2-1/2"]
[WhiteElo "2452"]
[BlackElo "2331"]
[PlyCount "95"]
[EventDate "2009.11.07"]
[EventType "team-tourn"]
[EventRounds "9"]
[WhiteTeam "Jetsmark"]
[BlackTeam "K41"]
[WhiteTeamCountry "DEN"]
[BlackTeamCountry "DEN"]

1. Nf3 Nf6 2. c4 e6 3. d4 d5 4. Nc3 c6 5. Bg5 h6 6. Bxf6 Qxf6 7. e3 Nd7 8. Bd3
dxc4 9. Bxc4 g6 10. O-O Bg7 11. Qc2 O-O 12. Bb3 Qe7 13. e4 b6 14. e5 Bb7 15.
Rfe1 Rac8 16. Qe4 Ba8 17. Rad1 b5 18. Qe3 c5 19. Nxb5 Bxf3 20. gxf3 cxd4 21.
Qxd4 Nxe5 22. Qe3 Qb7 23. Nd4 Rfd8 24. Kg2 Rd6 25. Ne2 Rcd8 26. Rxd6 Rxd6 27.
Rd1 Rxd1 28. Bxd1 Nc4 29. Qe4 Qxe4 30. fxe4 Nxb2 31. Bc2 Kf8 32. f4 Ke7 33. Kf3
Nc4 34. h3 a5 35. Bd3 Nb6 36. Bb5 Bb2 37. Ke3 g5 38. fxg5 hxg5 39. Nd4 Kd6 40.
Nc6 a4 41. Nd8 f6 42. Nb7+ Ke5 43. Na5 Bc1+ 44. Kd3 Kf4 45. Nc4 Nxc4 46. Bxc4
f5 47. Bxe6 fxe4+ 48. Ke2 1/2-1/2

[Event "XtraCon-Skakligaen"]
[Site "Denmark"]
[Date "2009.11.08"]
[Round "2.4"]
[White "Greger, Roland Reinhard"]
[Black "Baekgaard, Martin"]
[Result "1-0"]
[WhiteElo "2382"]
[BlackElo "2287"]
[PlyCount "97"]
[EventDate "2009.11.07"]
[EventType "team-tourn"]
[EventRounds "9"]
[WhiteTeam "K41"]
[BlackTeam "Jetsmark"]
[WhiteTeamCountry "DEN"]
[BlackTeamCountry "DEN"]

1. e4 e6 2. d4 d5 3. e5 c5 4. c3 Nc6 5. Nf3 Qb6 6. a3 c4 7. Nbd2 Na5 8. g3 Bd7
9. Bg2 O-O-O 10. O-O Kb8 11. Ng5 Be8 12. Qe2 h6 13. Nh3 Ne7 14. Rb1 Nec6 15. f4
g6 16. Nf2 Nb3 17. Nf3 Nxc1 18. Rbxc1 Na5 19. h3 Be7 20. Ng4 Bd7 21. Rf2 Bc8
22. Rcf1 Qb3 23. Ne3 Nc6 24. g4 Rdg8 25. f5 gxf5 26. gxf5 Bxa3 27. bxa3 Qxc3
28. Nc2 exf5 29. Qd2 Qxd2 30. Nxd2 Rg3 31. Rf3 Rhg8 32. Rxg3 Rxg3 33. Rf3 Rxf3
34. Bxf3 Be6 35. Nb1 f4 36. Bg4 b5 37. Nc3 a6 38. Kf2 Kc7 39. Kf3 Kb6 40. Kxf4
Ka5 41. Ke3 b4 42. axb4+ Nxb4 43. Nxb4 Kxb4 44. Bxe6 fxe6 45. Nxd5+ Kb3 46. Nf4
a5 47. Nxe6 a4 48. Nc5+ Kb4 49. Nxa4 1-0

[Event "XtraCon-Skakligaen"]
[Site "Denmark"]
[Date "2009.11.08"]
[Round "2.5"]
[White "Christensen, Stefan"]
[Black "Rasmussen, Casper Dahl"]
[Result "1-0"]
[WhiteElo "2228"]
[BlackElo "2373"]
[PlyCount "117"]
[EventDate "2009.11.07"]
[EventType "team-tourn"]
[EventRounds "9"]
[WhiteTeam "Jetsmark"]
[BlackTeam "K41"]
[WhiteTeamCountry "DEN"]
[BlackTeamCountry "DEN"]

1. e4 e5 2. Nf3 Nf6 3. d4 Nxe4 4. Bd3 d5 5. Nxe5 Nd7 6. Nxd7 Bxd7 7. O-O Bd6 8.
c4 c6 9. Nc3 Nxc3 10. bxc3 O-O 11. cxd5 cxd5 12. Qh5 g6 13. Qxd5 Qc7 14. Bh6
Rfe8 15. h4 Be6 16. Qf3 Qxc3 17. Qf6 Bf8 18. Bxf8 Rxf8 19. Rad1 Bd5 20. Bb1 Qc6
21. Qg5 Qd6 22. h5 Rfe8 23. Rfe1 Re6 24. Re5 Rae8 25. hxg6 hxg6 26. f4 Rxe5 27.
dxe5 Qe6 28. Qg3 Kg7 29. Qe3 b6 30. a3 Bb7 31. Be4 Bxe4 32. Qxe4 Qb3 33. Qd3
Qa4 34. Qd4 Qxd4+ 35. Rxd4 g5 36. g3 gxf4 37. gxf4 Re7 38. Kf2 Kg6 39. Kf3 Rc7
40. Ke4 Rc5 41. Rd6+ Kg7 42. Rd7 Rc4+ 43. Kf5 Rc6 44. Rxa7 b5 45. Kg4 Rg6+ 46.
Kf3 Rb6 47. f5 Kg8 48. Kf4 b4 49. axb4 Rxb4+ 50. Kg5 Rb1 51. Kf6 Rb6+ 52. e6
fxe6 53. Ra8+ Kh7 54. fxe6 Rc6 55. Kf7 Rc1 56. e7 Rf1+ 57. Ke6 Re1+ 58. Kd7
Rd1+ 59. Kc6 1-0

[Event "XtraCon-Skakligaen"]
[Site "Denmark"]
[Date "2009.11.08"]
[Round "2.6"]
[White "Nilsson, Sebastian"]
[Black "Wiwe, Andreas"]
[Result "1-0"]
[WhiteElo "2312"]
[BlackElo "2239"]
[PlyCount "73"]
[EventDate "2009.11.07"]
[EventType "team-tourn"]
[EventRounds "9"]
[WhiteTeam "K41"]
[BlackTeam "Jetsmark"]
[WhiteTeamCountry "DEN"]
[BlackTeamCountry "DEN"]

1. e4 c5 2. Nf3 d6 3. d4 cxd4 4. Nxd4 Nf6 5. Nc3 a6 6. Bg5 e6 7. f4 Qc7 8. Bxf6
gxf6 9. Qd2 Nc6 10. O-O-O Bd7 11. Kb1 O-O-O 12. Bc4 Kb8 13. f5 Nxd4 14. Qxd4
Be7 15. Ne2 Rdg8 16. g3 h5 17. Qd3 Rc8 18. Bb3 Qa5 19. fxe6 fxe6 20. Nf4 Bb5
21. Qd2 Qxd2 22. Rxd2 d5 23. exd5 exd5 24. Nxd5 Bd8 25. Re1 f5 26. Rf2 Bd7 27.
Nf4 h4 28. Rd2 Rh7 29. Red1 Rc7 30. Be6 hxg3 31. hxg3 Kc8 32. Bxf5 Rf7 33. Be6
Rg7 34. Rxd7 Rgxd7 35. Rxd7 Rxd7 36. Nd5 Ba5 37. Nf6 1-0

[Event "XtraCon-Skakligaen"]
[Site "Denmark"]
[Date "2009.11.08"]
[Round "2.7"]
[White "Jensen, Bjarke"]
[Black "Schmidt, Kristen"]
[Result "1/2-1/2"]
[WhiteElo "2253"]
[BlackElo "2281"]
[PlyCount "116"]
[EventDate "2009.11.07"]
[EventType "team-tourn"]
[EventRounds "9"]
[WhiteTeam "Jetsmark"]
[BlackTeam "K41"]
[WhiteTeamCountry "DEN"]
[BlackTeamCountry "DEN"]

1. e4 c5 2. Nf3 Nc6 3. d4 cxd4 4. Nxd4 Nf6 5. Nc3 e5 6. Ndb5 d6 7. Bg5 a6 8.
Na3 b5 9. Bxf6 gxf6 10. Nd5 Bg7 11. c3 f5 12. exf5 Bxf5 13. Nc2 O-O 14. Nce3
Be6 15. Bd3 f5 16. O-O Ra7 17. f4 e4 18. Bc2 b4 19. Ba4 Ne7 20. cxb4 Nxd5 21.
Nxd5 Bxb2 22. Rb1 Bg7 23. Bb3 Kh8 24. Kh1 Rb7 25. Bc4 a5 26. b5 Qd7 27. Qe2 Rc8
28. Rfd1 Qf7 29. a4 Rc5 30. Qa2 Rb8 31. Bb3 Qb7 32. h3 Rbc8 33. Ne3 d5 34. Bxd5
Rxd5 35. Rxd5 Bd4 36. Rd8+ Rxd8 37. Qxe6 Qb6 38. Qxb6 Bxb6 39. Nxf5 Bf2 40. g4
e3 41. Kg2 e2 42. Kxf2 Rd1 43. Kxe2 Rxb1 44. Nd4 Rb4 45. Nc6 Rxa4 46. Kd3 Ra1
47. Kc2 Ra2+ 48. Kb3 Ra1 49. Kb2 Rd1 50. Kb3 Rb1+ 51. Ka4 Ra1+ 52. Kb3 Kg7 53.
Nxa5 Rxa5 54. Kb4 Ra1 55. b6 Kf6 56. Kc5 Ke6 57. b7 Rc1+ 58. Kb6 Rb1+ 1/2-1/2

[Event "XtraCon-Skakligaen"]
[Site "Denmark"]
[Date "2009.11.08"]
[Round "2.8"]
[White "Naes, Flovin Tor"]
[Black "Rathlev, Jakob"]
[Result "1-0"]
[WhiteElo "2262"]
[BlackElo "2237"]
[PlyCount "56"]
[EventDate "2009.11.07"]
[EventType "team-tourn"]
[EventRounds "9"]
[WhiteTeam "K41"]
[BlackTeam "Jetsmark"]
[WhiteTeamCountry "DEN"]
[BlackTeamCountry "DEN"]

1. d4 e6 2. Nf3 f5 3. c4 Nf6 4. e3 c6 5. Bd3 d5 6. O-O Nbd7 7. b3 Bd6 8. cxd5
cxd5 9. Ba3 Qe7 10. Bxd6 Qxd6 11. Nc3 a6 12. Rc1 O-O 13. Ne2 Nb8 14. Ne5 Bd7
15. Qc2 Nc6 16. Qc5 Qxc5 17. Rxc5 Rfc8 18. Rfc1 Kf8 19. h3 Ke7 20. a3 Na7 21.
Rc7 Nb5 22. Bxb5 Rxc7 23. Rxc7 axb5 24. Rxb7 Rxa3 25. b4 g5 26. Kh2 Ra2 27. Nc1
Ra4 28. Ncd3 Ra8 1-0

[Event "XtraCon-Skakligaen"]
[Site "Denmark"]
[Date "2009.11.08"]
[Round "2.1"]
[White "Hector, Jonny"]
[Black "Schandorff, Lars"]
[Result "1-0"]
[WhiteElo "2572"]
[BlackElo "2501"]
[PlyCount "165"]
[EventDate "2009.11.07"]
[EventType "team-tourn"]
[EventRounds "9"]
[WhiteTeam "Nordkalotten"]
[BlackTeam "Sydostfyn"]
[WhiteTeamCountry "DEN"]
[BlackTeamCountry "DEN"]

1. e4 c6 2. d4 d5 3. Nd2 dxe4 4. Nxe4 Bf5 5. Ng3 Bg6 6. h4 h6 7. Nf3 Nd7 8. h5
Bh7 9. Bd3 Bxd3 10. Qxd3 e6 11. Bf4 Qa5+ 12. Nd2 Ngf6 13. c4 Be7 14. Qf3 O-O
15. O-O Rfe8 16. a3 Qb6 17. Be3 Qxb2 18. Rfb1 Qc3 19. Ne2 Qa5 20. Rxb7 Qa6 21.
Rb3 c5 22. Rb5 Rac8 23. a4 Qc6 24. Qxc6 Rxc6 25. Rb7 Ra8 26. a5 Kf8 27. d5 Ra6
28. dxe6 Rxe6 29. Nf4 Ra6 30. Nb3 Rc8 31. Nd3 Ke8 32. Re1 Kd8 33. Rd1 Rc7 34.
Rb5 Kc8 35. Bf4 Rb7 36. Rb1 Rxb5 37. cxb5 Re6 38. Rc1 Kd8 39. Nbxc5 Bxc5 40.
Nxc5 Nxc5 41. Rxc5 Re1+ 42. Kh2 Ra1 43. f3 Nd7 44. Rc4 f6 45. Bc7+ Ke7 46. Re4+
Kf7 47. Rb4 Ke6 48. g4 Kd5 49. Rb2 Kc5 50. b6 axb6 51. axb6 Kc6 52. Rc2+ Kb7
53. Bd8 Rd1 54. Rc7+ Kb8 55. Ra7 Kc8 56. Bc7 Nc5 57. Bg3 Rd7 58. Ra5 Rd2+ 59.
Kg1 Ne6 60. Bf2 Rb2 61. Ra7 Nf4 62. Be3 Nd5 63. Bd4 Rb4 64. Bc5 Rb5 65. Bf2
Rb1+ 66. Kh2 Rb2 67. Kg3 f5 68. gxf5 Nf6 69. Bd4 Nxh5+ 70. Kg4 Nf6+ 71. Bxf6
gxf6 72. Rc7+ Kd8 73. Rc6 Ke7 74. Kh5 Rh2+ 75. Kg6 Rg2+ 76. Kh7 Rb2 77. f4 h5
78. Kg6 h4 79. Re6+ Kd7 80. Rxf6 h3 81. Rf7+ Ke8 82. Rh7 Rxb6+ 83. f6 1-0

[Event "XtraCon-Skakligaen"]
[Site "Denmark"]
[Date "2009.11.08"]
[Round "2.2"]
[White "Aagaard, Jacob"]
[Black "Brynell, Stellan"]
[Result "1/2-1/2"]
[WhiteElo "2538"]
[BlackElo "2472"]
[PlyCount "79"]
[EventDate "2009.11.07"]
[EventType "team-tourn"]
[EventRounds "9"]
[WhiteTeam "Sydostfyn"]
[BlackTeam "Nordkalotten"]
[WhiteTeamCountry "DEN"]
[BlackTeamCountry "DEN"]

1. e4 e5 2. Nf3 Nf6 3. d4 Nxe4 4. Bd3 d5 5. dxe5 Nc5 6. Nc3 Be6 7. Bg5 Be7 8.
Bxe7 Qxe7 9. Be2 Nc6 10. Nxd5 Bxd5 11. Qxd5 Rd8 12. Qc4 Nxe5 13. Nxe5 Qxe5 14.
O-O O-O 15. Rad1 b6 16. c3 Rfe8 17. g3 g6 18. Bf3 Kg7 19. Bd5 Re7 20. Rd4 Red7
21. Rfd1 Ne6 22. Bxe6 Rxd4 23. cxd4 Qxe6 24. Qxe6 fxe6 25. Rc1 Rd7 26. Kg2 Kf6
27. Kf3 Rxd4 28. Rxc7 Ra4 29. a3 h5 30. Ke3 Ra5 31. Rc4 Rd5 32. Rf4+ Ke7 33.
Rd4 Rc5 34. Kd3 Rc1 35. Rc4 Rf1 36. Ke3 Rb1 37. Rc2 Kf6 38. h4 Kf5 39. Kf3 e5
40. Ke2 1/2-1/2

[Event "XtraCon-Skakligaen"]
[Site "Denmark"]
[Date "2009.11.08"]
[Round "2.3"]
[White "Ahlander, Bjorn"]
[Black "Brunello, Sabino"]
[Result "1-0"]
[WhiteElo "2419"]
[BlackElo "2507"]
[PlyCount "69"]
[EventDate "2009.11.07"]
[EventType "team-tourn"]
[EventRounds "9"]
[WhiteTeam "Nordkalotten"]
[BlackTeam "Sydostfyn"]
[WhiteTeamCountry "DEN"]
[BlackTeamCountry "DEN"]

1. d4 Nf6 2. c4 e6 3. Nc3 Bb4 4. Qc2 c5 5. dxc5 Na6 6. a3 Bxc3+ 7. Qxc3 Nxc5 8.
f3 a5 9. e4 d6 10. Ne2 Bd7 11. Nd4 Rc8 12. Be2 O-O 13. O-O Qb6 14. Kh1 e5 15.
Nc2 d5 16. exd5 Nxd5 17. cxd5 Nb3 18. Qd3 Nxa1 19. Nxa1 Rfd8 20. Nc2 Ba4 21.
Ne3 f6 22. Bd2 Qc7 23. Bc3 b6 24. h3 Be8 25. Rd1 Bg6 26. Qd2 Qc5 27. Bd3 Rd7
28. Bf5 Bxf5 29. Nxf5 Qc4 30. Ne3 Qf4 31. Qd3 h5 32. b4 a4 33. b5 Rdc7 34. d6
Rxc3 35. d7 1-0